[Event "Blitz Open"]
[Site "?"]
[Date "2018.08.03"]
[Round "2.5"]
[White "Ghaem Maghami, Ehsan"]
[Black "Adhiban, B."]
[Result "1/2-1/2"]
[BlackElo "2627"]
[WhiteElo "2593"]
[LiveChessVersion "1.4.8"]

1. e4 {[%clk 0:03:03]} c5 {[%clk 0:03:03]} 2. Nf3 {[%clk 0:03:03]} e6
{[%clk 0:03:04]} 3. c3 {[%clk 0:03:04]} Nf6 {[%clk 0:03:04]} 4. e5
{[%clk 0:03:05]} Nd5 {[%clk 0:03:04]} 5. d4 {[%clk 0:03:06]} cxd4
{[%clk 0:03:03]} 6. cxd4 {[%clk 0:03:08]} d6 {[%clk 0:03:04]} 7. Bc4
{[%clk 0:03:08]} Be7 {[%clk 0:03:04]} 8. O-O {[%clk 0:03:08]} O-O
{[%clk 0:03:05]} 9. Qe2 {[%clk 0:03:08]} b6 {[%clk 0:03:05]} 10. Rd1
{[%clk 0:03:07]} Bb7 {[%clk 0:03:06]} 11. Bxd5 {[%clk 0:03:06]} exd5
{[%clk 0:03:02]} 12. Nc3 {[%clk 0:03:06]} Re8 {[%clk 0:03:02]} 13. Bf4
{[%clk 0:03:05]} Na6 {[%clk 0:02:57]} 14. Qd2 {[%clk 0:02:55]} Nc7
{[%clk 0:02:52]} 15. exd6 {[%clk 0:02:49]} Bxd6 {[%clk 0:02:53]} 16. Bxd6
{[%clk 0:02:45]} Qxd6 {[%clk 0:02:54]} 17. Re1 {[%clk 0:02:40]} f6
{[%clk 0:02:51]} 18. Rxe8+ {[%clk 0:02:13]} Rxe8 19. Re1 Rxe1+ {[%clk 0:02:34]}
20. Qxe1 {[%clk 0:02:15]} Qe6 {[%clk 0:02:26]} 21. Qd2 {[%clk 0:01:21]} Ne8
{[%clk 0:01:51]} 22. h3 {[%clk 0:01:09]} Nd6 {[%clk 0:01:52]} 23. Qf4
{[%clk 0:01:06]} g5 {[%clk 0:01:52]} 24. Qc1 {[%clk 0:00:58]} Nc4
{[%clk 0:01:30]} 25. b3 {[%clk 0:00:54]} Nd6 {[%clk 0:01:31]} 26. Nd1
{[%clk 0:00:55]} Qc8 {[%clk 0:01:27]} 27. Qa3 {[%clk 0:00:52]} Qb8
{[%clk 0:01:27]} 28. Ne3 {[%clk 0:00:52]} Kf7 {[%clk 0:01:26]} 29. Qc1
{[%clk 0:00:37]} Qc8 {[%clk 0:01:22]} 30. Qa3 {[%clk 0:00:38]} Qb8
{[%clk 0:01:23]} 31. Qc1 {[%clk 0:00:40]} Qc8 {[%clk 0:03:02]} 1/2-1/2

[Event "Blitz Open"]
[Site "?"]
[Date "2018.08.03"]
[Round "2.6"]
[White "Sasikiran, Krishnan"]
[Black "Mousavi, Seyed Khalil"]
[Result "1-0"]
[BlackElo "2517"]
[WhiteElo "2608"]
[LiveChessVersion "1.4.8"]

1. e4 {[%clk 0:03:03]} e6 {[%clk 0:03:03]} 2. d4 {[%clk 0:03:03]} d5
{[%clk 0:03:04]} 3. Nc3 {[%clk 0:03:03]} Bb4 {[%clk 0:03:05]} 4. e5
{[%clk 0:03:04]} c5 {[%clk 0:03:06]} 5. a3 {[%clk 0:03:05]} Bxc3+ 6. bxc3
{[%clk 0:03:06]} Ne7 {[%clk 0:03:06]} 7. Qg4 {[%clk 0:03:06]} Qc7
{[%clk 0:03:07]} 8. Bd3 {[%clk 0:03:05]} cxd4 {[%clk 0:03:03]} 9. Ne2
{[%clk 0:03:06]} Qxe5 {[%clk 0:02:54]} 10. Bf4 {[%clk 0:02:59]} h5
{[%clk 0:02:42]} 11. Qg3 {[%clk 0:02:37]} h4 {[%clk 0:02:37]} 12. Qg4
{[%clk 0:02:25]} Qh5 {[%clk 0:01:49]} 13. Qxg7 {[%clk 0:02:15]} Rg8
{[%clk 0:01:42]} 14. Qf6 {[%clk 0:02:04]} Nd7 {[%clk 0:01:24]} 15. Qh6
{[%clk 0:01:53]} Qxh6 {[%clk 0:01:18]} 16. Bxh6 {[%clk 0:01:53]} dxc3
{[%clk 0:01:06]} 17. g3 {[%clk 0:01:54]} Ne5 {[%clk 0:01:06]} 18. Nxc3
{[%clk 0:01:44]} Nxd3+ 19. cxd3 {[%clk 0:01:44]} Bd7 {[%clk 0:00:57]} 20. gxh4
{[%clk 0:01:37]} f6 {[%clk 0:00:58]} 21. h5 {[%clk 0:01:31]} Nf5 {[%clk 0:00:56]}
22. Bd2 {[%clk 0:01:30]} Rh8 {[%clk 0:00:54]} 23. Ne2 {[%clk 0:01:27]} Rxh5
{[%clk 0:00:52]} 24. Ng3 {[%clk 0:01:28]} Nxg3 25. fxg3 {[%clk 0:01:29]} Bb5
{[%clk 0:00:45]} 26. O-O {[%clk 0:01:27]} Kf7 {[%clk 0:00:38]} 27. Rf3
{[%clk 0:01:23]} Rg8 {[%clk 0:00:31]} 28. Rb1 {[%clk 0:01:18]} Bc6
{[%clk 0:00:31]} 29. d4 {[%clk 0:01:18]} Rg4 {[%clk 0:00:26]} 30. Rbf1
{[%clk 0:01:14]} f5 {[%clk 0:00:24]} 31. Bf4 {[%clk 0:01:13]} Rg8
{[%clk 0:00:23]} 32. Rc3 {[%clk 0:01:10]} Ke7 {[%clk 0:00:20]} 33. Re1
{[%clk 0:01:06]} Kd7 {[%clk 0:00:21]} 34. Rce3 {[%clk 0:01:04]} Rg6
{[%clk 0:00:20]} 35. Rc3 {[%clk 0:01:04]} Rg8 {[%clk 0:00:21]} 36. Kg2
{[%clk 0:01:05]} a5 {[%clk 0:00:16]} 37. Rce3 {[%clk 0:01:02]} Rg6
{[%clk 0:00:17]} 38. Rc3 {[%clk 0:00:58]} Rg8 {[%clk 0:00:16]} 39. h3
{[%clk 0:00:56]} b5 {[%clk 0:00:10]} 40. Rec1 {[%clk 0:00:56]} Rc8
{[%clk 0:00:11]} 41. h4 {[%clk 0:00:57]} Rhh8 {[%clk 0:00:08]} 42. Be5
{[%clk 0:00:57]} Rh7 {[%clk 0:00:07]} 43. Kf3 {[%clk 0:00:58]} b4
{[%clk 0:00:05]} 44. axb4 {[%clk 0:00:58]} axb4 {[%clk 0:00:06]} 45. Rb3
{[%clk 0:01:00]} Ra8 {[%clk 0:00:05]} 46. Rxb4 {[%clk 0:00:50]} Ra3+
{[%clk 0:00:05]} 47. Kf4 {[%clk 0:00:49]} Ra6 {[%clk 0:00:03]} 48. Rb7+
{[%clk 0:00:46]} Bxb7 {[%clk 0:00:03]} 49. Rc7+ {[%clk 0:00:47]} Kd8
{[%clk 0:00:04]} 50. Rxh7 {[%clk 0:00:47]} Bc6 {[%clk 0:00:05]} 51. h5
{[%clk 0:00:49]} Be8 {[%clk 0:00:04]} 52. h6 {[%clk 0:00:50]} Ra1
{[%clk 0:00:05]} 53. Rb7 {[%clk 0:00:43]} Bg6 {[%clk 0:00:05]} 54. Ke4 1-0

[Event "Blitz Open"]
[Site "?"]
[Date "2018.08.03"]
[Round "2.7"]
[White "Darini, Pouria"]
[Black "Gupta, Abhijeet"]
[Result "0-1"]
[BlackElo "2560"]
[WhiteElo "2436"]
[LiveChessVersion "1.4.8"]

1. d4 {[%clk 0:03:03]} Nf6 {[%clk 0:03:03]} 2. Bf4 {[%clk 0:03:05]} d6
{[%clk 0:03:00]} 3. Nc3 {[%clk 0:03:01]} g6 {[%clk 0:03:00]} 4. e4
{[%clk 0:03:03]} c6 {[%clk 0:03:02]} 5. Nf3 {[%clk 0:03:02]} Bg7 {[%clk 0:02:54]}
6. Qd2 {[%clk 0:03:04]} Bg4 {[%clk 0:02:53]} 7. Be2 {[%clk 0:03:04]} Nbd7
{[%clk 0:02:53]} 8. O-O-O {[%clk 0:03:05]} Qa5 {[%clk 0:02:44]} 9. Kb1
{[%clk 0:03:01]} e5 {[%clk 0:02:41]} 10. dxe5 dxe5 {[%clk 0:02:41]} 11. Be3
{[%clk 0:02:15]} O-O-O {[%clk 0:02:23]} 12. Qc1 {[%clk 0:01:23]} Bxf3
{[%clk 0:02:17]} 13. Bxf3 {[%clk 0:01:00]} Nc5 {[%clk 0:02:18]} 14. Rxd8+
{[%clk 0:01:01]} Rxd8 {[%clk 0:02:19]} 15. Rd1 {[%clk 0:01:02]} Bf8
{[%clk 0:01:57]} 16. Rxd8+ Qxd8 {[%clk 0:01:58]} 17. Qd2 {[%clk 0:00:38]} Qxd2
18. Bxd2 {[%clk 0:00:40]} Ne6 {[%clk 0:01:58]} 19. Be3 {[%clk 0:00:27]} Bc5
{[%clk 0:01:57]} 20. Bxc5 {[%clk 0:00:25]} Nxc5 {[%clk 0:01:58]} 21. b4
{[%clk 0:00:25]} Ne6 {[%clk 0:01:59]} 22. Be2 {[%clk 0:00:20]} Kc7
{[%clk 0:01:58]} 23. f3 {[%clk 0:00:19]} h5 {[%clk 0:01:55]} 24. Bc4
{[%clk 0:00:21]} Kd6 {[%clk 0:01:54]} 25. Ne2 {[%clk 0:00:21]} h4
{[%clk 0:01:54]} 26. Kc1 {[%clk 0:00:21]} Nh5 {[%clk 0:01:54]} 27. Kd2
{[%clk 0:00:19]} f6 {[%clk 0:01:53]} 28. Ke3 {[%clk 0:00:17]} Nhf4
{[%clk 0:01:29]} 29. Nxf4 {[%clk 0:00:17]} exf4+ {[%clk 0:01:30]} 30. Kd2
{[%clk 0:00:13]} Nc7 {[%clk 0:01:09]} 31. h3 {[%clk 0:00:11]} Ke5
{[%clk 0:01:10]} 32. c3 {[%clk 0:00:10]} g5 {[%clk 0:01:11]} 33. Bf7
{[%clk 0:00:07]} Nb5 {[%clk 0:01:10]} 34. Bc4 {[%clk 0:00:04]} Nd6
{[%clk 0:01:11]} 35. Bd3 {[%clk 0:00:06]} b6 {[%clk 0:01:07]} 36. Kc2
{[%clk 0:00:03]} Nb7 {[%clk 0:01:04]} 37. a3 {[%clk 0:00:05]} Nd8
{[%clk 0:01:03]} 38. Ba6 {[%clk 0:00:05]} Nf7 {[%clk 0:01:00]} 39. Bc4
{[%clk 0:00:06]} Nd6 {[%clk 0:01:01]} 40. Bd3 {[%clk 0:00:08]} b5
{[%clk 0:00:47]} 41. Kb3 {[%clk 0:00:07]} Nb7 {[%clk 0:00:36]} 42. Kc2
{[%clk 0:00:09]} a6 {[%clk 0:00:36]} 43. Kb3 {[%clk 0:00:10]} c5 {[%clk 0:00:37]}
44. Kc2 {[%clk 0:00:11]} c4 {[%clk 0:00:38]} 45. Be2 {[%clk 0:00:11]} Nd6
{[%clk 0:00:39]} 46. Kd2 {[%clk 0:00:04]} f5 {[%clk 0:00:41]} 47. exf5
{[%clk 0:00:06]} Nxf5 {[%clk 0:00:42]} 48. Ke1 {[%clk 0:00:03]} Ne3
{[%clk 0:00:43]} 49. Kf2 {[%clk 0:00:03]} Nd5 {[%clk 0:00:42]} 50. Ke1
{[%clk 0:00:04]} Nxc3 {[%clk 0:00:43]} 51. Bf1 {[%clk 0:00:05]} Kd4
{[%clk 0:00:44]} 52. Kd2 {[%clk 0:00:07]} Nd5 {[%clk 0:00:42]} 53. Be2
{[%clk 0:00:07]} Ne3 {[%clk 0:00:43]} 0-1

[Event "Blitz Open"]
[Site "?"]
[Date "2018.08.03"]
[Round "2.8"]
[White "Sethuraman, S.P."]
[Black "Pourramezanali, Amirreza"]
[Result "1-0"]
[BlackElo "2449"]
[WhiteElo "2489"]
[LiveChessVersion "1.4.8"]

1. d4 {[%clk 0:03:02]} d5 {[%clk 0:03:04]} 2. c4 c6 3. Nc3 {[%clk 0:03:03]} Nf6
{[%clk 0:03:06]} 4. e3 {[%clk 0:03:04]} e6 {[%clk 0:03:07]} 5. Nf3
{[%clk 0:03:05]} Nbd7 {[%clk 0:03:09]} 6. Bd3 {[%clk 0:03:06]} dxc4
{[%clk 0:03:09]} 7. Bxc4 {[%clk 0:03:06]} b5 {[%clk 0:03:10]} 8. Bd3
{[%clk 0:03:07]} Bd6 {[%clk 0:03:11]} 9. Qc2 {[%clk 0:03:08]} O-O
{[%clk 0:03:09]} 10. Ne4 {[%clk 0:03:06]} Nxe4 {[%clk 0:02:49]} 11. Bxe4
{[%clk 0:03:06]} Nf6 {[%clk 0:02:45]} 12. Bxc6 {[%clk 0:02:58]} Qc7
{[%clk 0:02:29]} 13. Be4 {[%clk 0:02:13]} Nxe4 14. Qxe4 {[%clk 0:02:14]} Bb7
{[%clk 0:02:26]} 15. Qd3 {[%clk 0:02:15]} Bxf3 {[%clk 0:02:12]} 16. gxf3
{[%clk 0:02:15]} e5 {[%clk 0:02:13]} 17. d5 {[%clk 0:02:10]} Rac8
{[%clk 0:01:57]} 18. Bd2 {[%clk 0:02:11]} Qc2 {[%clk 0:01:43]} 19. Ke2
{[%clk 0:02:08]} a6 {[%clk 0:01:18]} 20. Rab1 {[%clk 0:02:00]} Qa4
{[%clk 0:01:19]} 21. Rhc1 {[%clk 0:01:47]} f5 {[%clk 0:00:58]} 22. Qb3
{[%clk 0:01:48]} Qh4 {[%clk 0:00:59]} 23. Rc6 Rcd8 24. Rxa6 {[%clk 0:01:17]} e4
{[%clk 0:00:55]} 25. Rg1 {[%clk 0:00:53]} exf3+ {[%clk 0:00:53]} 26. Ke1
{[%clk 0:00:47]} Qxh2 {[%clk 0:00:41]} 27. Rf1 {[%clk 0:00:48]} f4
{[%clk 0:00:43]} 28. e4 {[%clk 0:00:48]} Rfe8 {[%clk 0:00:41]} 29. Qxf3
{[%clk 0:00:48]} Be5 {[%clk 0:00:24]} 30. Kd1 {[%clk 0:00:48]} Qh4
{[%clk 0:00:24]} 31. Kc2 {[%clk 0:00:41]} Qe7 {[%clk 0:00:22]} 32. Kb1
{[%clk 0:00:38]} Qc5 {[%clk 0:00:20]} 33. Rc6 {[%clk 0:00:36]} Qa7
{[%clk 0:00:17]} 34. a3 {[%clk 0:00:29]} Kh8 35. Rg1 {[%clk 0:00:26]} Rc8
{[%clk 0:00:09]} 36. Bc3 {[%clk 0:00:17]} Bxc3 {[%clk 0:00:06]} 37. Qxc3
{[%clk 0:00:18]} Rxc6 {[%clk 0:00:06]} 38. dxc6 {[%clk 0:00:17]} Rc8
{[%clk 0:00:08]} 39. Rd1 {[%clk 0:00:13]} h6 {[%clk 0:00:07]} 40. Rd7
{[%clk 0:00:11]} 1-0

[Event "Blitz Open"]
[Site "?"]
[Date "2018.08.03"]
[Round "2.9"]
[White "Lu, Shanglei"]
[Black "Nguyen, Ngoc Truong Son"]
[Result "1/2-1/2"]
[BlackElo "2630"]
[WhiteElo "2635"]
[LiveChessVersion "1.4.8"]

1. e4 {[%clk 0:03:03]} c5 {[%clk 0:03:03]} 2. Nf3 {[%clk 0:03:04]} d6
{[%clk 0:03:04]} 3. d4 {[%clk 0:03:05]} cxd4 4. Nxd4 {[%clk 0:03:06]} Nf6
{[%clk 0:03:06]} 5. Nc3 {[%clk 0:03:06]} a6 {[%clk 0:03:08]} 6. h3
{[%clk 0:03:07]} e6 {[%clk 0:03:08]} 7. g4 {[%clk 0:03:08]} Be7 {[%clk 0:03:09]}
8. g5 {[%clk 0:03:09]} Nfd7 {[%clk 0:03:10]} 9. h4 {[%clk 0:03:10]} b5
{[%clk 0:03:11]} 10. a3 {[%clk 0:03:10]} Bb7 {[%clk 0:03:12]} 11. Be3
{[%clk 0:03:08]} Nc6 {[%clk 0:03:05]} 12. Rg1 {[%clk 0:03:09]} Rc8
{[%clk 0:02:50]} 13. h5 {[%clk 0:03:10]} Nde5 {[%clk 0:02:26]} 14. f4
{[%clk 0:03:09]} Nd7 {[%clk 0:02:06]} 15. Qd2 {[%clk 0:02:52]} Nc5
{[%clk 0:01:57]} 16. O-O-O {[%clk 0:02:43]} b4 {[%clk 0:01:50]} 17. Nxc6
{[%clk 0:02:02]} bxc3 18. Qxc3 {[%clk 0:02:03]} Rxc6 {[%clk 0:01:51]} 19. Qxg7
{[%clk 0:01:54]} Rf8 {[%clk 0:01:47]} 20. Bxc5 {[%clk 0:01:14]} Rxc5
{[%clk 0:01:47]} 21. Qxh7 {[%clk 0:01:14]} Kd7 {[%clk 0:01:21]} 22. Bd3
{[%clk 0:01:09]} Qe8 {[%clk 0:01:08]} 23. h6 {[%clk 0:00:55]} Rg8
{[%clk 0:01:01]} 24. Kb1 {[%clk 0:00:56]} Qf8 {[%clk 0:00:59]} 25. f5
{[%clk 0:00:33]} Rxg5 {[%clk 0:00:46]} 26. fxe6+ {[%clk 0:00:25]} fxe6
{[%clk 0:00:46]} 27. e5 {[%clk 0:00:20]} Rcxe5 {[%clk 0:00:34]} 28. Bg6
{[%clk 0:00:16]} Rxg1 {[%clk 0:00:27]} 29. Rxg1 {[%clk 0:00:17]} Qf2
{[%clk 0:00:26]} 30. Rc1 {[%clk 0:00:13]} Re1 {[%clk 0:00:25]} 31. Rxe1
{[%clk 0:00:14]} Qxe1+ {[%clk 0:00:26]} 32. Ka2 {[%clk 0:00:16]} Bd5+
{[%clk 0:00:21]} 33. b3 {[%clk 0:00:17]} Qc3 {[%clk 0:00:20]} 34. Qg7
{[%clk 0:00:11]} Qxg7 {[%clk 0:00:16]} 35. hxg7 {[%clk 0:00:12]} e5
{[%clk 0:00:17]} 36. Bh7 {[%clk 0:00:12]} a5 {[%clk 0:00:07]} 37. c4
{[%clk 0:00:12]} Bf7 {[%clk 0:00:08]} 38. g8=Q {[%clk 0:00:13]} Bxg8
{[%clk 0:00:09]} 39. Bxg8 {[%clk 0:00:14]} Kc6 {[%clk 0:00:09]} 1/2-1/2

[Event "Blitz Open"]
[Site "?"]
[Date "2018.08.03"]
[Round "2.10"]
[White "Tran, Tuan Minh"]
[Black "Wen, Yang"]
[Result "0-1"]
[BlackElo "2567"]
[WhiteElo "2484"]
[LiveChessVersion "1.4.8"]

1. d4 {[%clk 0:03:03]} g6 {[%clk 0:03:03]} 2. e4 {[%clk 0:03:04]} Bg7
{[%clk 0:03:04]} 3. Nc3 {[%clk 0:03:05]} d6 {[%clk 0:03:05]} 4. f4
{[%clk 0:03:05]} a6 {[%clk 0:03:06]} 5. Nf3 {[%clk 0:03:05]} b5 {[%clk 0:03:07]}
6. Bd3 {[%clk 0:03:05]} Nd7 {[%clk 0:03:08]} 7. O-O {[%clk 0:03:04]} c5
{[%clk 0:03:09]} 8. Be3 {[%clk 0:02:53]} Ngf6 {[%clk 0:02:58]} 9. Kh1
{[%clk 0:02:52]} c4 {[%clk 0:02:47]} 10. Be2 {[%clk 0:02:54]} b4 {[%clk 0:02:48]}
11. Nd5 {[%clk 0:02:34]} Nxd5 {[%clk 0:02:48]} 12. exd5 {[%clk 0:02:35]} Nb6
{[%clk 0:02:49]} 13. Bd2 {[%clk 0:02:26]} Qc7 {[%clk 0:02:40]} 14. Bxb4
{[%clk 0:01:58]} Nxd5 {[%clk 0:02:41]} 15. Qd2 {[%clk 0:01:24]} a5 16. Bc3 O-O
{[%clk 0:02:34]} 17. Ng5 {[%clk 0:01:06]} Bb7 {[%clk 0:01:57]} 18. f5
{[%clk 0:01:02]} Bh6 {[%clk 0:01:50]} 19. Bf3 {[%clk 0:00:28]} gxf5
{[%clk 0:01:20]} 20. Bxd5 {[%clk 0:00:22]} Bxd5 {[%clk 0:01:21]} 21. Rxf5
{[%clk 0:00:23]} e6 {[%clk 0:01:19]} 22. Rf6 {[%clk 0:00:16]} Bg7
{[%clk 0:01:18]} 23. Raf1 {[%clk 0:00:13]} Qe7 {[%clk 0:01:16]} 24. Rxf7
{[%clk 0:00:07]} Rxf7 {[%clk 0:01:14]} 25. Rxf7 {[%clk 0:00:08]} Rf8
{[%clk 0:01:14]} 26. Rxf8+ {[%clk 0:00:07]} Qxf8 {[%clk 0:01:15]} 27. Qe2
{[%clk 0:00:06]} Qf5 {[%clk 0:01:15]} 28. Nf3 {[%clk 0:00:06]} a4
{[%clk 0:01:16]} 29. Kg1 {[%clk 0:00:04]} Bh6 {[%clk 0:01:16]} 30. Kf2
{[%clk 0:00:04]} Bf4 {[%clk 0:01:15]} 31. Kg1 {[%clk 0:00:05]} h6
{[%clk 0:01:03]} 32. Qf2 {[%clk 0:00:07]} Qe4 {[%clk 0:00:57]} 33. Bd2
{[%clk 0:00:05]} Kh7 {[%clk 0:00:49]} 34. Bxf4 {[%clk 0:00:05]} Qxf4
{[%clk 0:00:50]} 35. c3 {[%clk 0:00:04]} Qc1+ {[%clk 0:00:50]} 36. Ne1
{[%clk 0:00:05]} a3 {[%clk 0:00:47]} 37. bxa3 {[%clk 0:00:05]} Qxc3
{[%clk 0:00:47]} 38. Qc2+ {[%clk 0:00:04]} Qxc2 {[%clk 0:00:47]} 39. Nxc2
{[%clk 0:00:05]} Be4 {[%clk 0:00:48]} 40. Ne3 {[%clk 0:00:04]} c3
{[%clk 0:00:49]} 41. a4 {[%clk 0:00:04]} c2 {[%clk 0:00:50]} 42. Nxc2
{[%clk 0:00:05]} Bxc2 {[%clk 0:00:51]} 43. a5 {[%clk 0:00:06]} Bd3
{[%clk 0:00:51]} 44. Kf2 {[%clk 0:00:08]} Kg6 {[%clk 0:00:51]} 45. Ke3
{[%clk 0:00:09]} Ba6 {[%clk 0:00:52]} 46. Kf4 {[%clk 0:00:10]} Kf6
{[%clk 0:00:53]} 47. g3 {[%clk 0:00:06]} Bb7 {[%clk 0:00:52]} 48. a3
{[%clk 0:00:05]} h5 {[%clk 0:00:52]} 49. h3 {[%clk 0:00:06]} e5+ {[%clk 0:00:53]}
50. dxe5+ {[%clk 0:00:08]} dxe5+ {[%clk 0:00:54]} 51. Ke3 {[%clk 0:00:08]} Kf5
{[%clk 0:00:55]} 52. a4 {[%clk 0:00:09]} Ba6 {[%clk 0:00:52]} 53. g4+
{[%clk 0:00:11]} hxg4 {[%clk 0:00:51]} 54. hxg4+ {[%clk 0:00:12]} Kf6
{[%clk 0:00:51]} 55. Kf3 {[%clk 0:00:05]} Bb7+ {[%clk 0:00:52]} 56. Ke3
{[%clk 0:00:07]} Kg5 {[%clk 0:00:52]} 57. a6 {[%clk 0:00:05]} Ba8
{[%clk 0:00:53]} 58. a7 {[%clk 0:00:04]} Kxg4 {[%clk 0:00:54]} 59. Kd3
{[%clk 0:00:05]} Kf4 {[%clk 0:00:55]} 60. Ke2 {[%clk 0:00:04]} e4
{[%clk 0:00:55]} 61. a5 {[%clk 0:00:06]} e3 {[%clk 0:00:56]} 62. Ke1
{[%clk 0:00:07]} Ke4 {[%clk 0:00:55]} 63. Ke2 {[%clk 0:00:08]} Kd4
{[%clk 0:00:54]} 64. Ke1 {[%clk 0:00:08]} Kd3 {[%clk 0:00:55]} 65. Kd1
{[%clk 0:00:10]} e2+ {[%clk 0:00:55]} 66. Ke1 {[%clk 0:00:11]} Bd5
{[%clk 0:00:55]} 67. a6 {[%clk 0:00:11]} Ba8 {[%clk 0:00:56]} 0-1

[Event "Blitz Open"]
[Site "?"]
[Date "2018.08.03"]
[Round "2.11"]
[White "Bai, Jinshi"]
[Black "Nguyen, Anh Khoi"]
[Result "1-0"]
[BlackElo "2174"]
[WhiteElo "2502"]
[LiveChessVersion "1.4.8"]

1. Nf3 {[%clk 0:03:03]} b6 {[%clk 0:03:03]} 2. g3 {[%clk 0:03:03]} Bb7
{[%clk 0:03:04]} 3. Bg2 {[%clk 0:03:04]} g6 {[%clk 0:03:04]} 4. c4
{[%clk 0:03:02]} Bg7 {[%clk 0:03:04]} 5. d4 {[%clk 0:03:02]} Nf6 {[%clk 0:03:05]}
6. O-O {[%clk 0:02:56]} O-O {[%clk 0:03:05]} 7. b3 {[%clk 0:02:57]} c5
{[%clk 0:02:55]} 8. Bb2 {[%clk 0:02:52]} cxd4 {[%clk 0:02:55]} 9. Qxd4
{[%clk 0:02:50]} Nc6 {[%clk 0:02:51]} 10. Qf4 {[%clk 0:02:50]} Qb8
{[%clk 0:02:26]} 11. Rd1 {[%clk 0:02:43]} Qxf4 12. gxf4 {[%clk 0:02:44]} d6
{[%clk 0:02:12]} 13. Nc3 {[%clk 0:02:24]} Rab8 {[%clk 0:02:04]} 14. Rac1
{[%clk 0:02:23]} Rfc8 {[%clk 0:02:00]} 15. e3 {[%clk 0:02:22]} a6
{[%clk 0:01:56]} 16. Rc2 {[%clk 0:01:53]} Ba8 {[%clk 0:01:47]} 17. Rdc1
{[%clk 0:01:54]} Nb4 {[%clk 0:01:42]} 18. Rd2 {[%clk 0:01:55]} b5
{[%clk 0:01:41]} 19. cxb5 {[%clk 0:01:49]} axb5 {[%clk 0:01:42]} 20. Nd4
{[%clk 0:01:49]} Nfd5 {[%clk 0:01:19]} 21. Ndxb5 {[%clk 0:01:03]} Nxc3
{[%clk 0:01:01]} 22. Nxc3 {[%clk 0:01:04]} Bxg2 23. Kxg2 {[%clk 0:01:05]} Na6
{[%clk 0:00:49]} 24. Nd5 {[%clk 0:01:02]} Rxc1 {[%clk 0:00:47]} 25. Bxc1
{[%clk 0:01:00]} e6 {[%clk 0:00:43]} 26. Ne7+ {[%clk 0:01:00]} Kf8
{[%clk 0:00:45]} 27. Nc6 {[%clk 0:00:50]} Rc8 {[%clk 0:00:37]} 28. Rxd6
{[%clk 0:00:50]} Nc5 {[%clk 0:00:30]} 29. Ba3 1-0

[Event "Blitz Open"]
[Site "?"]
[Date "2018.08.03"]
[Round "2.12"]
[White "Nguyen, Duc Hoa"]
[Black "Xu, Xiangyu"]
[Result "0-1"]
[BlackElo "2448"]
[WhiteElo "2424"]
[LiveChessVersion "1.4.8"]

1. d4 {[%clk 0:03:02]} Nf6 {[%clk 0:03:03]} 2. c4 {[%clk 0:03:03]} g6
{[%clk 0:03:05]} 3. Nc3 {[%clk 0:03:04]} d5 {[%clk 0:03:06]} 4. Nf3
{[%clk 0:03:04]} Bg7 {[%clk 0:03:07]} 5. Bg5 {[%clk 0:03:05]} Ne4
{[%clk 0:02:54]} 6. cxd5 {[%clk 0:02:57]} Nxg5 {[%clk 0:02:54]} 7. Nxg5
{[%clk 0:02:58]} e6 {[%clk 0:02:55]} 8. Qa4+ {[%clk 0:02:58]} Kf8
{[%clk 0:02:01]} 9. Qb4+ {[%clk 0:02:36]} Ke8 {[%clk 0:01:59]} 10. h4
{[%clk 0:02:21]} exd5 {[%clk 0:01:57]} 11. e3 {[%clk 0:02:22]} c6
{[%clk 0:01:50]} 12. Bd3 {[%clk 0:02:18]} Nd7 {[%clk 0:01:50]} 13. O-O
{[%clk 0:01:58]} Qe7 {[%clk 0:01:51]} 14. Qb3 {[%clk 0:01:59]} f5
{[%clk 0:01:46]} 15. Rae1 {[%clk 0:01:49]} Nf6 {[%clk 0:01:47]} 16. f3
{[%clk 0:01:33]} Nh5 {[%clk 0:01:34]} 17. Qa4 {[%clk 0:01:26]} b5
{[%clk 0:01:33]} 18. Qb3 {[%clk 0:01:14]} Bd7 {[%clk 0:01:27]} 19. Rf2
{[%clk 0:01:07]} h6 {[%clk 0:01:21]} 20. Nh3 {[%clk 0:01:08]} Kf8
{[%clk 0:01:03]} 21. Rfe2 {[%clk 0:00:43]} Kg8 {[%clk 0:01:03]} 22. Kh2
{[%clk 0:00:34]} Kh7 {[%clk 0:00:58]} 23. g3 {[%clk 0:00:34]} Qd6
{[%clk 0:00:59]} 24. Nf4 {[%clk 0:00:27]} Nxf4 25. exf4 {[%clk 0:00:28]} Rhe8
{[%clk 0:00:57]} 26. Rxe8 {[%clk 0:00:22]} Rxe8 {[%clk 0:00:58]} 27. Rxe8
{[%clk 0:00:23]} Bxe8 {[%clk 0:00:59]} 28. Ne2 {[%clk 0:00:24]} Qe6
{[%clk 0:00:58]} 29. Qc3 {[%clk 0:00:23]} Qe3 {[%clk 0:00:58]} 30. Kg2
{[%clk 0:00:24]} c5 {[%clk 0:00:55]} 31. h5 {[%clk 0:00:16]} cxd4
{[%clk 0:00:53]} 32. hxg6+ {[%clk 0:00:17]} Bxg6 {[%clk 0:00:54]} 33. Qc2
{[%clk 0:00:18]} Qe6 {[%clk 0:00:53]} 34. Ng1 {[%clk 0:00:11]} a6
{[%clk 0:00:49]} 35. g4 {[%clk 0:00:12]} Qf6 {[%clk 0:00:47]} 36. Bxf5
{[%clk 0:00:10]} Bxf5 {[%clk 0:00:48]} 37. gxf5 {[%clk 0:00:10]} h5
{[%clk 0:00:45]} 38. Nh3 {[%clk 0:00:11]} Bh6 {[%clk 0:00:46]} 39. Qc7+
{[%clk 0:00:11]} Qg7+ {[%clk 0:00:47]} 40. Ng5+ {[%clk 0:00:10]} Bxg5
{[%clk 0:00:48]} 0-1

[Event "Blitz Open"]
[Site "?"]
[Date "2018.08.03"]
[Round "2.13"]
[White "Abdisalimov, Abdimalik"]
[Black "Hossain, Enamul"]
[Result "1-0"]
[BlackElo "2358"]
[WhiteElo "2184"]
[LiveChessVersion "1.4.8"]

1. d4 {[%clk 0:03:04]} Nf6 {[%clk 0:03:02]} 2. c4 {[%clk 0:03:05]} e6
{[%clk 0:03:04]} 3. Nc3 {[%clk 0:03:07]} Bb4 {[%clk 0:03:05]} 4. e3
{[%clk 0:03:08]} b6 {[%clk 0:03:05]} 5. Nge2 {[%clk 0:03:09]} c5 {[%clk 0:03:06]}
6. a3 {[%clk 0:02:58]} Ba5 {[%clk 0:03:07]} 7. Rb1 {[%clk 0:02:57]} Na6
{[%clk 0:03:08]} 8. g3 {[%clk 0:02:44]} Bb7 {[%clk 0:03:08]} 9. d5
{[%clk 0:02:44]} b5 {[%clk 0:02:55]} 10. Bg2 {[%clk 0:02:40]} bxc4
{[%clk 0:02:52]} 11. O-O {[%clk 0:02:41]} O-O {[%clk 0:02:43]} 12. e4
{[%clk 0:02:42]} exd5 {[%clk 0:02:02]} 13. exd5 {[%clk 0:02:21]} d6
{[%clk 0:01:56]} 14. Qa4 {[%clk 0:02:22]} Bb6 {[%clk 0:01:48]} 15. Qxc4
{[%clk 0:02:15]} Nc7 16. Qa2 {[%clk 0:02:09]} Re8 {[%clk 0:01:46]} 17. Rd1
{[%clk 0:01:58]} Ng4 {[%clk 0:01:37]} 18. h3 {[%clk 0:01:51]} Ne5
{[%clk 0:01:21]} 19. b3 {[%clk 0:01:51]} Ba6 {[%clk 0:01:16]} 20. Qc2
{[%clk 0:01:48]} Qf6 {[%clk 0:01:12]} 21. Ne4 {[%clk 0:01:37]} Qg6
{[%clk 0:01:08]} 22. Nf4 {[%clk 0:01:36]} Qf5 {[%clk 0:01:03]} 23. Be3
{[%clk 0:01:07]} Rad8 {[%clk 0:01:01]} 24. g4 {[%clk 0:01:03]} Qd7 25. Nh5
{[%clk 0:01:04]} Qe7 {[%clk 0:00:54]} 26. Nhg3 {[%clk 0:01:02]} c4
{[%clk 0:00:50]} 27. Bxb6 {[%clk 0:01:01]} axb6 {[%clk 0:00:50]} 28. Nf5
{[%clk 0:00:56]} Qf8 {[%clk 0:00:48]} 29. bxc4 {[%clk 0:00:57]} Nxc4
{[%clk 0:00:46]} 30. Qc3 {[%clk 0:00:59]} Re5 {[%clk 0:00:39]} 31. Rd4
{[%clk 0:00:50]} b5 {[%clk 0:00:34]} 32. a4 {[%clk 0:00:49]} Rc8 {[%clk 0:00:24]}
33. f4 {[%clk 0:00:30]} Rxd5 {[%clk 0:00:18]} 34. Nf6+ {[%clk 0:00:26]} gxf6
{[%clk 0:00:18]} 35. Bxd5 {[%clk 0:00:27]} Nxd5 {[%clk 0:00:13]} 36. Rxd5
{[%clk 0:00:28]} Nb6 {[%clk 0:00:12]} 37. Qxf6 {[%clk 0:00:25]} Nxd5
{[%clk 0:00:13]} 38. Nh6+ {[%clk 0:00:27]} Qxh6 39. Qxh6 {[%clk 0:00:28]} bxa4
{[%clk 0:00:14]} 40. Qxd6 {[%clk 0:00:29]} Nc3 {[%clk 0:00:16]} 41. Rb8
{[%clk 0:00:24]} 1-0